Počátky archeologie v Čechách : od prvních kronik na práh období romantismu (12.-18. století) = Die Anfänge der Archäologie in Böhmen : seit den ersten Chroniken bis zur Schwelle der Periode des Romantismus (12.-18. Jahrhundert) /

Hlavní autor: Sklenář, Karel, 1938-
Další autoři: Košnar, Lubomír, 1944-
Jazyk: Němčina
Latina
Čeština
Vydáno: Praha : Národní muzeum, 2018
Vydání: První vydání
Edice: Fontes archaeologici Pragenses
Témata:
Fyzický popis: 239 stran : ilustrace (některé barevné), portréty, faksimile ; 30 cm
Language note: Částečně německý, částečně souběžný latinský a německý text, německé resumé
Knihy
Uloženo v:
LEADER 02413nam a2200565 i 4500
001 nkc20183057153
003 CZ PrNK
005 20190710111024.0
007 ta
008 190220s2018 xr ach f 001 0 cze
015 |a cnb003057153 
020 |a 978-80-7036-583-0  |q (brožováno) 
035 |a (OCoLC)1089696164 
040 |a ABA001  |b cze  |e rda 
041 1 |a cze  |a ger  |a lat  |b ger  |h ger  |h lat 
043 |a e-xr--- 
045 |a p-v- 
072 7 |a 902  |x Archeologie  |2 Konspekt  |9 8 
080 |a 902  |2 MRF 
080 |a 902(091)  |2 MRF 
080 |a (437.3)  |2 MRF 
080 |a (048.8)  |2 MRF 
100 1 |a Sklenář, Karel,  |d 1938-  |7 jk01111527  |4 aut 
245 1 0 |a Počátky archeologie v Čechách :  |b od prvních kronik na práh období romantismu (12.-18. století) = Die Anfänge der Archäologie in Böhmen : seit den ersten Chroniken bis zur Schwelle der Periode des Romantismus (12.-18. Jahrhundert) /  |c Karel Sklenář ; překlad [z němčiny] Lubomír Košnar 
246 3 1 |a Anfänge der Archäologie in Böhmen 
250 |a První vydání 
264 1 |a Praha :  |b Národní muzeum,  |c 2018 
300 |a 239 stran :  |b ilustrace (některé barevné), portréty, faksimile ;  |c 30 cm 
336 |a text  |b txt  |2 rdacontent 
337 |a bez média  |b n  |2 rdamedia 
338 |a svazek  |b nc  |2 rdacarrier 
490 1 |a Fontes Archaeologici Pragenses,  |x 0015-6138 ;  |v volumen 45 
500 |a 550 výtisků 
500 |a Chronologický přehled 
504 |a Obsahuje bibliografii, bibliografické odkazy a rejstřík 
546 |a Částečně německý, částečně souběžný latinský a německý text, německé resumé 
648 7 |a 12.-18. století  |7 ch866040  |2 czenas 
650 0 7 |a archeologie  |7 ph118578  |z Česko  |y 12.-18. století  |2 czenas 
650 0 7 |a dějiny archeologie  |7 ph492492  |z Česko  |2 czenas 
650 0 9 |a archaeology  |z Czechia  |y 12th-18th centuries  |2 eczenas 
650 0 9 |a history of archaeology  |z Czechia  |2 eczenas 
655 7 |a monografie  |7 fd132842  |2 czenas 
655 9 |a monographs  |2 eczenas 
700 1 |a Košnar, Lubomír,  |d 1944-  |7 jk01062051  |4 trl 
830 0 |a Fontes archaeologici Pragenses  |0 s 
910 2 |a BOA001  |b 4-1424.351 
990 |a BK 
995 |a 01 
996 6 |b 2610773322  |c 4-1424.351  |l MZK  |r Sklad / do 1 hodiny  |n 0  |p p.v.  |w 001710618  |u 000010  |a 1  |e BOA001  |j MZK50  |s P 
996 7 |b 2610779743  |c 4-1424.351  |l Vol.výběr  |r VV 1p  |n 2  |p kup  |h 902 SKL  |w 001710618  |u 000020  |a 0  |e BOA001  |j MZK50  |s A